1211 1460 1218 1166 1366 1315 1491 1061 1428 1396 1877 1558 1651 1869 1792 1622 1968 1420 1601 1242 1958 1247 1975 1359 1238 1534 1105 1122 1564 1280 1587 1360 1984 1740 1368 1552 1539 1775 1108 1916 1890 1460 1542 1750 1574 1463 1932 1715 1604 1500 1436 1297 1850 1487 1205 1304 1853 1088 1346 1502 1869 1080 1788 1715 1249 1362 1266 1661 1731 1074 1551 1030 1142 1799 1958 1408 1264 1626 1284 1443 1556 1219 1465 1938 1027 1131 1389 1983 1281 1019 1080 1065 1917 1398 1032 1735 1647 1410 1834 BCNSPRNW ULIB Ver.6.0+V

เปลี่ยนเป็นภาษาไทย

Change to English
 แสดงรายละเอียดบรรณานุกรม
  กลับหน้าหลัก

Brief Record : Get Marc (ISO 2709) : E-mail record : QR code < ปิดหน้าต่าง
LEADER : 00000nam 2200000uu 4500
001    13399120312
003     ULIB
008    120918s2549||||th 000 0 tha d
020    ^a9742262977
060 04 ^aQV150^bก482ย 2549
111 2  ^aการประชุมวิชาการเภสัชศาสตร์^n(ครั้งที่ 4 :^d2549 :^cกรุงเทพฯ)
245 10 ^aยากับโรคหัวใจและหลอดเลือด :^bการประชุมวิชาการเภสัชศาสตร์ครั้งที่ 4, วันที่ 26-27 มกราคม 2549 ณ ห้อง Convention Hall ศูนย์ประชุมสถาบันวิจัยจุฬาภรณ์ /^cโดย คณะเภสัชศาสตร์ มหาวิทยาลัยรังสิต ร่วมกับ สำนักงานคณะกรรมการอาหารและยา กระทรวงสาธารณสุข ; บรรณาธิการ : ทิพย์สุชน เอี่ยมสอาด, ภาริณี สิงห์ประสาทพร
250    ^aพิมพ์ครั้งที่ 1
260    ^aปทุมธานี :^bคณะ, ;^c2549
300    ^a[7], 214, [2] หน้า :^bภาพประกอบ ;^c30 ซม
504    ^aมีบรรณานุกรมและดัชนี
650  7 ^aยารักษาโรคทางระบบหัวใจและหลอดเลือด^vการประชุม
650  7 ^aหัวใจร่วมหลอดเลือด, โรค^xการรักษาด้วยยา^vการประชุม
650  7 ^aเภสัชศาสตร์^vการประชุม
700 0  ^aทิพย์สุชน เอี่ยมสอาด,^eบรรณาธิการ
700 0  ^aภาริณี สิงห์ประสาทพร,^eบรรณาธิการ
710 2  ^aมหาวิทยาลัยรังสิต. ^bคณะเภสัชศาสตร์
945    ^p0^l0^i24743
995    ^aกัณชพร
999 ^a ใช้งานได้ทุกระบบ
รายการนี้ยังไม่มีแท็ก
คุณยังไม่ได้ล็อกอิน คุณสามารถมีกิจกรรมร่วมกับเว็บไซต์ได้ แต่ต้องล็อกอินก่อน ::
  ล็อกอิน

รายการสื่อสารสนเทศ

ลำดับที่ ประเภท เลขเรียก/บาร์โค้ด สถานที่ สถานะ
1. วิทยาศาสตร์การแพทย์ และสุขภาพ
วิทยาศาสตร์การแพทย์ และสุขภาพ
QV150 ก482ย 2549  
  Barcode: 24743
ห้องสมุดวิทยาเขตสวรรค์ประชารักษ์
►ส่วนจัดเก็บหนังสือเก่า สปร
บนชั้น
  ขอยืม

BibComment


ยังไม่เคยถูกคอมเมนท์

คอมเมนท์ทรัพยากรรายการนี้
  คอมเมนท์: ยากับโรคหัวใจและ..


 Copyright 2026. Bcnsprnw @Library